[Event "Titled Tue 24th Jun Late"]
[Site "chess.com INT"]
[Date "2025.06.24"]
[Round "8"]
[White "Khanbutaev, Artemii"]
[Black "Salonen, Aku"]
[Result "1-0"]
[BlackTitle "FM"]
[WhiteElo "2139"]
[BlackElo "2330"]
[WhiteFideId "55747175"]
[BlackFideId "517577"]
[EventDate "2025.06.24"]

1. d4 Nf6 2. c4 e6 3. g3 d5 4. Nf3 dxc4 5. Bg2 a6 6. O-O Nc6 7. Be3 Bd7 8. Ne5
Nd5 9. Nxc4 b5 10. Bxd5 exd5 11. Ncd2 Bd6 12. Nb3 h5 13. h4 f6 14. Nc3 Ne7 15.
Nc5 Bxc5 16. dxc5 c6 17. Bf4 O-O 18. e4 Bg4 19. Qb3 Kh8 20. Bd6 d4 21. Nb1 f5
22. Nd2 Be2 23. Rfe1 d3 24. Qe6 Ra7 25. exf5 Qd7 26. Qxd7 Rxd7 27. a4 b4 28.
Rac1 Rxf5 29. Rc4 Rd5 30. Rxb4 Nf5 31. f3 Nxd6 32. cxd6 R7xd6 33. Kf2 c5 34. Rc4
Rb6 35. Rb1 Rb4 36. Rxb4 cxb4 37. Rc1 Ra5 38. b3 Rd5 39. Rc4 a5 40. Rc1 Rd7 41.
Rc5 g6 42. Rxa5 Rc7 43. Ke3 Rc3 44. Rd5 Bd1 45. Rxd3 Rc1 46. Rd8+ Kh7 47. Rd7+
Kh8 48. Rd3 Bc2 49. Rd4 Ra1 50. Rxb4 Re1+ 51. Kf4 Rd1 52. Ne4 Rb1 53. Rb8+ Kg7
54. Rb7+ Kh8 55. Nc5 Bd1 56. b4 Rc1 57. Rb8+ Kg7 58. Ne6+ Kf6 59. Ng5 Rc4+ 60.
Ne4+ Kg7 61. Rb7+ Kg8 62. a5 Rc2 63. a6 Ra2 64. a7 Bxf3 65. Rb8+ Kg7 66. a8=Q
g5+ 67. Kxg5 1-0

[Event "Titled Tue 24th Jun Late"]
[Site "chess.com INT"]
[Date "2025.06.24"]
[Round "8"]
[White "Beulen, Marcel"]
[Black "Yushko, Olga"]
[Result "1-0"]
[WhiteTitle "FM"]
[BlackTitle "WFM"]
[WhiteElo "2359"]
[BlackElo "2033"]
[WhiteFideId "1001450"]
[BlackFideId "14114500"]
[EventDate "2025.06.24"]

1. e4 Nf6 2. e5 Nd5 3. d4 d6 4. c4 Nb6 5. exd6 exd6 6. Nc3 Be7 7. Bd3 O-O 8.
Nge2 Bg4 9. O-O Bf6 10. Qc2 h6 11. Be3 Nc6 12. a3 d5 13. c5 Nc4 14. Bxc4 dxc4
15. Rad1 Ne7 16. f3 Bf5 17. Qd2 Bd3 18. Rfe1 Nf5 19. d5 Re8 20. Bf2 Bg5 21. f4
Bf6 22. Nc1 Rxe1+ 23. Bxe1 Bd4+ 24. Bf2 Bxc3 25. Qxc3 Qxd5 26. Nxd3 cxd3 27.
Qxd3 Qc6 28. Qxf5 Qa4 29. Qd3 Re8 30. Qd4 Qb3 31. h3 a5 32. Kh2 a4 33. Rd2 Qe6
34. Qd3 Qf6 35. Qf3 Qf5 36. Bg3 Qxc5 37. Qxb7 Qe3 38. Qb4 h5 39. Qd4 Qe6 40. f5
Qxf5 41. Bxc7 Rc8 42. Qf4 Qe6 43. Rd8+ Rxd8 44. Bxd8 h4 45. Ba5 Qd5 46. Bc3 g5
47. Qe5 Qxe5+ 48. Bxe5 Kh7 49. Kg1 Kg6 50. Kf2 Kf5 51. Bc3 g4 52. hxg4+ Kxg4 53.
Bd4 f5 54. Bc3 f4 55. Bf6 h3 56. gxh3+ Kxh3 57. Kf3 Kh2 58. Kxf4 Kg1 59. Bc3 Kf2
60. Ke4 Ke2 61. Kd4 Kf3 62. Kc4 Ke4 63. Kb4 Kd5 64. Kxa4 Kc4 65. b3+ Kc5 66. Bb2
Kb6 67. Bc1 Ka6 68. Bg5 Kb6 69. Kb4 Ka6 70. Kc4 Kb6 71. a4 Ka5 72. Bd2+ Kb6 73.
b4 Ka6 74. b5+ Kb6 75. a5+ Kc7 76. Kc5 Kb7 77. a6+ Ka7 78. Be3 Kb8 79. Kc6 Ka8
80. b6 Kb8 81. Bf4+ Ka8 82. b7+ Ka7 83. b8=Q+ Kxa6 84. Qb6# 1-0

[Event "Titled Tue 24th Jun Late"]
[Site "chess.com INT"]
[Date "2025.06.24"]
[Round "8"]
[White "Fernandez, Maria Florencia"]
[Black "Chiu, Isaac"]
[Result "1-0"]
[WhiteTitle "WIM"]
[WhiteElo "2163"]
[BlackElo "2226"]
[WhiteFideId "116459"]
[BlackFideId "30900654"]
[EventDate "2025.06.24"]

1. d4 Nf6 2. c4 e6 3. Nc3 d5 4. cxd5 exd5 5. Bg5 Be7 6. e3 c6 7. Bd3 Nbd7 8. Qc2
h6 9. Bh4 O-O 10. Nge2 a5 11. O-O-O b5 12. Kb1 Nb6 13. Rc1 b4 14. Na4 Nxa4 15.
Qxa4 Bd7 16. Qd1 Qb6 17. Bg3 Rfc8 18. h3 a4 19. Be5 c5 20. dxc5 Rxc5 21. Bd4
Rxc1+ 22. Nxc1 Qb7 23. Ne2 a3 24. b3 Rc8 25. Ng3 Ne4 26. Nxe4 dxe4 27. Bc4 Bb5
28. Bxb5 Bf6 29. Bxf6 Qxb5 30. Bd4 Kh7 31. Qg4 Rg8 32. Qxe4+ f5 33. Qe7 Qd5 34.
Rc1 Qxg2 35. Qe6 Qxf2 36. Qc4 Qf3 37. Qxb4 Qxh3 38. Qxa3 Rd8 39. Qc5 Qf3 40. Qe5
Rd7 41. Rc7 Qd1+ 42. Kb2 Qd2+ 43. Rc2 Qd3 44. Qe6 Rb7 45. Qc4 Qe4 46. Qc3 Rd7
47. Rd2 f4 48. Qc2 Qxc2+ 49. Kxc2 fxe3 50. Bxe3 Rc7+ 51. Kd3 g5 52. Ke2 Kg6 53.
a4 Rb7 54. Rb2 Kf5 55. a5 Ke4 56. a6 Rb5 57. a7 Ra5 58. b4 Ra3 59. Bc5 g4 60. b5
Ra5 61. b6 g3 62. b7 Rxc5 63. b8=Q Re5 64. Qb4+ Kf5+ 65. Kd2 g2 66. Rb1 Re4 67.
Qf8+ Kg4 68. Qg8+ Kh3 69. Rb3+ Kh2 70. Qg3+ Kh1 71. Rb1+ g1=Q 72. Rxg1# 1-0

[Event "Titled Tue 24th Jun Late"]
[Site "chess.com INT"]
[Date "2025.06.24"]
[Round "8"]
[White "Paxtor Chiguichon, Rodolfo Enrique"]
[Black "Goncalves, Samuel Jesus P"]
[Result "1/2-1/2"]
[WhiteTitle "CM"]
[BlackTitle "FM"]
[WhiteElo "2009"]
[BlackElo "2264"]
[WhiteFideId "7307012"]
[BlackFideId "1945130"]
[EventDate "2025.06.24"]

1. e4 Nf6 2. e5 Nd5 3. c4 Nb6 4. d4 d6 5. exd6 exd6 6. h3 Be7 7. Nf3 O-O 8. Bd3
Nc6 9. O-O Bf6 10. Be3 Nb4 11. Nc3 Nxd3 12. Qxd3 g6 13. Rad1 Bf5 14. Qe2 d5 15.
c5 Nc4 16. Rc1 Re8 17. Nxd5 Qxd5 18. Qxc4 Qxc4 19. Rxc4 Bd3 20. Rc3 Bxf1 21.
Kxf1 c6 22. a4 Rad8 23. b4 Kg7 24. b5 a6 25. Rb3 axb5 26. axb5 Ra8 27. bxc6 bxc6
28. Rb6 Re6 29. Ne5 Bxe5 30. dxe5 Ra1+ 31. Ke2 g5 32. Kf3 Kg6 33. g3 h5 34. g4
hxg4+ 35. hxg4 Ra4 36. Kg3 f6 37. exf6 Kxf6 38. Kf3 Kg6 39. Kg3 Rae4 40. Kf3
R4e5 41. Ra6 Rd5 42. Rb6 Kf6 43. Kg3 Ke7 44. Rb7+ Kd8 45. Rg7 Ree5 46. Kf3 Ke8
47. Rg6 Kd7 48. Rg7+ Kc8 49. Rg6 Kb7 50. Rg7+ Ka6 51. Rc7 Kb5 52. Rb7+ Kc4 53.
Rc7 Rxc5 54. Bxc5 Kxc5 55. Rf7 Kd4 56. Kg3 c5 57. f4 gxf4+ 58. Rxf4+ Kd3 59. Rf8
c4 60. Rd8+ Ke2 61. Kf4 Rc5 62. Re8+ Kf2 63. Ra8 c3 64. Ra1 c2 65. Rc1 Ke2 66.
g5 Kd2 67. Rxc2+ Kxc2 68. g6 Kd3 69. g7 Rc8 70. Kf5 Ke3 71. Kf6 Kf4 72. Kf7 Rc7+
73. Kf6 Rc6+ 74. Kf7 Rc7+ 75. Kf6 Rc6+ 76. Kf7 Kf5 77. g8=Q Rc7+ 78. Kf8 Rc8+
79. Kg7 Rxg8+ 80. Kxg8 1/2-1/2

[Event "Titled Tue 24th Jun Late"]
[Site "chess.com INT"]
[Date "2025.06.24"]
[Round "8"]
[White "Kramnik, Vladimir"]
[Black "Matinian, Nikita"]
[Result "0-1"]
[WhiteTitle "GM"]
[BlackTitle "GM"]
[WhiteElo "2753"]
[BlackElo "2421"]
[WhiteFideId "4101588"]
[BlackFideId "24129100"]
[EventDate "2025.06.24"]

1. Nf3 Nf6 2. g3 g6 3. b4 Bg7 4. Bb2 a5 5. b5 c5 6. c4 b6 7. Bg2 Bb7 8. O-O O-O
9. d3 d5 10. Nbd2 Nbd7 11. e3 Ra7 12. Qe2 a4 13. Rac1 a3 14. Ba1 Re8 15. Rfd1 e5
16. cxd5 Nxd5 17. Nc4 Qe7 18. Nfd2 f5 19. e4 Nb4 20. Nb1 f4 21. Bc3 Rf8 22. Bh3
f3 23. Qd2 Bc8 24. Ne3 Qf7 25. Bxb4 cxb4 26. Qxb4 Nc5 27. Bxc8 Rxc8 28. Nc3 Bh6
29. Ncd5 Bxe3 30. Nxe3 Qxa2 31. Nc4 Qe2 32. Nxb6 a2 33. Nxc8 Nxd3 34. Qc4+ Kg7
35. Qxd3 Qxd3 36. Nxa7 Qxe4 37. Nc6 Qf5 38. Kh1 Qh3 39. Rg1 Qd7 40. Nxe5 Qxb5
41. Nxf3 Qb7 42. Kg2 g5 43. h3 h5 44. g4 hxg4 45. hxg4 Qe4 46. Kg3 Qf4+ 47. Kg2
Qxg4+ 48. Kh2 Qxf3 49. Rxg5+ Kf6 50. Rgg1 Qxf2+ 51. Kh3 Qf3+ 52. Kh2 Qh5+ 53.
Kg2 Qe5 54. Rgf1+ Kg5 55. Rce1 Qb2+ 56. Kg1 Qb6+ 57. Kh1 Qb7+ 58. Kh2 Kg4 59.
Rg1+ Kh4 60. Rgf1 Qc7+ 61. Kg2 Qc6+ 62. Kh2 Qd6+ 63. Kh1 Qd5+ 64. Kh2 Qd2+ 65.
Kh1 Kh3 66. Rf3+ Kg4 67. Rff1 Kg3 68. Rg1+ Kh3 0-1

[Event "Titled Tue 24th Jun Late"]
[Site "chess.com INT"]
[Date "2025.06.24"]
[Round "8"]
[White "Askarov, Bakhtiyar"]
[Black "Shafer, Logan C"]
[Result "1-0"]
[WhiteTitle "IM"]
[BlackTitle "CM"]
[WhiteElo "2297"]
[BlackElo "2217"]
[WhiteFideId "13701100"]
[BlackFideId "30993342"]
[EventDate "2025.06.24"]

1. e4 e5 2. Nf3 Nc6 3. d4 exd4 4. Bc4 Bc5 5. Ng5 Nh6 6. Nxf7 Nxf7 7. Bxf7+ Kxf7
8. Qh5+ g6 9. Qxc5 d5 10. O-O dxe4 11. Nd2 Re8 12. f3 e3 13. Ne4 Qe7 14. Qb5 a6
15. Qb3+ Kg7 16. c3 e2 17. Re1 d3 18. Bg5 Qe6 19. Bf6+ Kg8 20. Qa3 Ne5 21. c4
Qxc4 22. Qa5 Qd4+ 23. Kh1 b6 24. Qd2 Bf5 25. Qh6 Qd7 26. Bxe5 Bxe4 27. Bc3 Bf5
28. Qh4 Re6 29. g4 Qd5 30. Qg3 Re3 31. gxf5 Rxf3 32. Qg2 Rd8 33. fxg6 Rf5 34.
gxh7+ Kxh7 35. Qxd5 Rdxd5 36. Bd2 c5 37. Rg1 b5 38. Rae1 Rf2 39. Rg3 Rh5 40. h3
c4 41. Kg1 Rhf5 42. a3 Rf1+ 43. Kh2 R5f2+ 44. Rg2 Rxe1 45. Bxe1 Rf1 46. Rg1 Rf5
47. Kg2 Rd5 48. Bd2 Rf5 49. h4 Kg6 50. Kh3+ Kf7 51. Re1 Ke6 52. Kg4 Rf1 53. h5
Ke5 54. h6 Rf8 55. Kg5 Ke4 56. h7 Kf3 57. Kg6 Rb8 58. Kg7 Rb7+ 59. Kg6 Rb6+ 60.
Kg5 Rb8 61. Rh1 Rh8 62. Kg6 Kf2 63. Kg7 Re8 64. h8=Q Rxh8 65. Kxh8 a5 66. Re1 b4
67. axb4 axb4 68. Rc1 c3 69. bxc3 bxc3 70. Rxc3 e1=Q 71. Bxe1+ Ke2 72. Kg7 Ke3
73. Kf6 Ke2 74. Ke5 d2 75. Bxd2 Kxd2 76. Kd4 1-0

[Event "Titled Tue 24th Jun Late"]
[Site "chess.com INT"]
[Date "2025.06.24"]
[Round "8"]
[White "Sroczynski, Maciej"]
[Black "Gimeno Martos, Roberto"]
[Result "0-1"]
[WhiteTitle "FM"]
[BlackTitle "CM"]
[WhiteElo "2236"]
[BlackElo "2090"]
[WhiteFideId "1121472"]
[BlackFideId "2226804"]
[EventDate "2025.06.24"]

1. d4 g6 2. e4 Bg7 3. c4 d6 4. Nc3 Nf6 5. Be2 O-O 6. h4 h5 7. Nh3 e5 8. d5 c6 9.
Be3 cxd5 10. cxd5 a6 11. Ng5 Nbd7 12. a4 Nc5 13. b4 Ncd7 14. f3 a5 15. b5 Nc5
16. Bxc5 dxc5 17. Rc1 b6 18. Bc4 Ne8 19. Qd3 Nd6 20. Nd1 Bh6 21. f4 exf4 22. e5
Bf5 23. Qf3 Nxc4 24. Rxc4 Bg4 25. Qe4 Bf5 26. Qf3 Bg4 27. Qe4 Bf5 28. Qxf4 Qxd5
29. O-O Bg7 30. Ne3 Qxe5 31. Qxe5 Bxe5 32. Nxf5 gxf5 33. Rxf5 Bd4+ 34. Kf1 f6
35. Nf3 Rad8 36. Rxh5 Rfe8 37. Rf5 Kg7 38. h5 Be5 39. Rg4+ Kf7 40. h6 Ke6 41.
Rh5 Rh8 42. h7 Rd7 43. Rg6 Rdxh7 44. Ng5+ Kf5 45. Rxf6+ Kxf6 46. Nxh7+ Kg6 47.
Rxe5 Rxh7 48. Re6+ Kf5 49. Rxb6 Ke4 50. Rc6 Kd4 51. b6 c4 52. Rc7 Rh1+ 53. Ke2
Rb1 54. b7 Rb2+ 55. Kf3 Rb3+ 56. Kf4 c3 57. g4 c2 58. Rxc2 Rxb7 59. g5 Kd3 60.
Rg2 Rb4+ 61. Ke5 Re4+ 62. Kd5 Rxa4 63. g6 Rd4+ 64. Ke6 Rd8 65. g7 Re8+ 66. Kf7
Ra8 67. Ra2 Kc4 68. Rxa5 Rxa5 69. g8=Q Rc5 0-1

[Event "Titled Tue 24th Jun Late"]
[Site "chess.com INT"]
[Date "2025.06.24"]
[Round "8"]
[White "Melillo, Lucius"]
[Black "Avramidou, Anastasia"]
[Result "1/2-1/2"]
[WhiteTitle "FM"]
[BlackTitle "FM"]
[WhiteElo "2170"]
[BlackElo "2294"]
[WhiteFideId "30958245"]
[BlackFideId "4239873"]
[EventDate "2025.06.24"]

1. d4 Nf6 2. Bf4 d6 3. Nc3 g6 4. e4 Bg7 5. Qd2 a6 6. Bh6 Bxh6 7. Qxh6 Nc6 8.
O-O-O Bd7 9. h3 e5 10. dxe5 dxe5 11. Nd5 Rg8 12. Nf3 Nxd5 13. exd5 Na7 14. Qxh7
Rf8 15. Bd3 Qf6 16. Qh4 Qxh4 17. Nxh4 g5 18. Nf5 f6 19. h4 gxh4 20. Rxh4 O-O-O
21. c4 Kb8 22. Rdh1 Nc8 23. Rh7 Nb6 24. b3 Rde8 25. Be4 Bc8 26. f3 Rg8 27. g4
Nd7 28. Nh6 Rgf8 29. Nf5 Nc5 30. Kd2 Rg8 31. Ke3 a5 32. R7h6 Ref8 33. Rh7 Rg5
34. R7h5 Rgg8 35. Ne7 Rg7 36. Nf5 Rgg8 37. Nh6 Rg7 38. R5h4 Na6 39. Nf5 Rgg8 40.
Rh7 Nc5 41. Rg7 Nxe4 42. Rxg8 Rxg8 43. Kxe4 Rg5 44. Rh5 Bxf5+ 45. Ke3 Rxh5 46.
gxh5 Bb1 47. h6 Kc8 48. f4 exf4+ 49. Kxf4 Kd7 50. c5 Bh7 51. a3 b6 52. b4 axb4
53. axb4 bxc5 54. bxc5 Ke7 55. Ke3 Kd7 56. Kf4 c6 57. d6 Ke6 58. Ke3 Bg6 59. Kf4
f5 60. Kg5 Bh7 61. Kf4 Kf6 62. Kf3 Ke6 63. Kf4 Kf6 64. Kf3 Kf7 65. Kf4 Ke6 66.
Kf3 Bg6 67. Kf4 Bh7 68. Kf3 Kd7 69. Kf4 Ke6 1/2-1/2

[Event "Titled Tue 24th Jun Late"]
[Site "chess.com INT"]
[Date "2025.06.24"]
[Round "8"]
[White "Suarez, Sebastian"]
[Black "Miljkovic, Miroslav D"]
[Result "0-1"]
[BlackTitle "GM"]
[WhiteElo "2161"]
[BlackElo "2420"]
[WhiteFideId "30979080"]
[BlackFideId "922722"]
[EventDate "2025.06.24"]

1. d4 Nf6 2. g3 d5 3. Bg2 c6 4. c4 dxc4 5. Nf3 g6 6. Ne5 Bg7 7. Nxc4 O-O 8. O-O
Be6 9. Ne5 Nfd7 10. Nd3 Bxd4 11. Nf4 Nc5 12. e3 Be5 13. Qc2 Bxf4 14. exf4 Nbd7
15. Be3 Bf5 16. Qc3 Ne4 17. Qb4 Ndf6 18. Qxb7 Qd6 19. Nc3 Rfb8 20. Qa6 Rxb2 21.
Nxe4 Bxe4 22. Rfd1 Qe6 23. Bxe4 Qxe4 24. Bd4 Rc2 25. Bxf6 exf6 26. Qd3 Re8 27.
Qxe4 Rxe4 28. Rd7 Ree2 29. Rf1 Rxa2 30. Kg2 a5 31. Kf3 f5 32. Rd6 Rec2 33. Kg2
h5 34. h3 Kg7 35. g4 hxg4 36. hxg4 fxg4 37. Kg3 a4 38. Kxg4 Rxf2 39. Rxf2 Rxf2
40. Rxc6 a3 41. Ra6 a2 42. Kg3 Rb2 43. Kf3 Kf8 44. Kg4 Ke7 45. Kg5 Rg2+ 46. Kh4
Kd7 47. Kh3 Rc2 48. Kg4 Kc7 49. Kg5 Rc5+ 50. Kg4 Rc2 51. Kg5 Kb7 52. Ra3 Kb6 53.
Kf6 Kb5 54. Kxf7 Kb4 55. Ra8 Rg2 56. Kf6 Kb3 57. Rb8+ Kc2 58. Ra8 Kb1 59. Rb8+
Rb2 60. Rd8 Rb6+ 61. Kg5 a1=Q 62. Rd1+ Ka2 63. Rd2+ Ka3 64. Rd3+ Kb4 65. Rd5
Qf6+ 66. Kg4 Kc4 67. Rg5 Qe6+ 68. Kg3 Rb8 69. Re5 Qxe5 70. fxe5 Kd5 71. Kf4 Ke6
72. Kg5 Rg8 73. Kg4 Kxe5 74. Kg5 Ke6 75. Kh6 Kf7 76. Kh7 Rf8 77. Kh6 Kf6 78. Kh7
Re8 79. Kh6 Rh8# 0-1

[Event "Titled Tue 24th Jun Late"]
[Site "chess.com INT"]
[Date "2025.06.24"]
[Round "8"]
[White "Jacobsen, Mikkel Manosri"]
[Black "Bezuch, Martin"]
[Result "1-0"]
[WhiteTitle "FM"]
[BlackTitle "FM"]
[WhiteElo "2223"]
[BlackElo "2238"]
[WhiteFideId "1444514"]
[BlackFideId "14906333"]
[EventDate "2025.06.24"]

1. d4 g6 2. Nf3 Bg7 3. Bf4 d6 4. c3 Nf6 5. Nbd2 O-O 6. e4 Nbd7 7. Be2 Qe8 8. h3
e5 9. dxe5 dxe5 10. Be3 Qe7 11. O-O Re8 12. a4 Nc5 13. Qc2 b6 14. b4 Ncd7 15. a5
Rb8 16. Bb5 Bb7 17. axb6 axb6 18. Ra7 c6 19. Be2 Qd8 20. Nc4 Qc7 21. Rd1 Ra8 22.
Rxb7 Qxb7 23. Nd6 Qc7 24. Nxe8 Rxe8 25. Bc4 b5 26. Bb3 h6 27. Ra1 c5 28. Ra5 Qc6
29. c4 cxb4 30. cxb5 Qxe4 31. Qa2 Rb8 32. Bxf7+ Kh7 33. Bb3 Qd3 34. Bc2 Qd6 35.
Qf7 e4 36. Nd4 Rf8 37. Qc4 Ne5 38. Qb3 Nd5 39. Ra6 Qd8 40. Bxe4 Nxe3 41. Qxe3
Qxd4 42. Qxd4 Nf3+ 43. gxf3 Bxd4 44. Rxg6 Kh8 45. Rxh6+ Kg7 46. Rd6 Bc3 47. Bd5
Rb8 48. b6 b3 49. Bxb3 Ba5 50. Rd7+ Kf6 51. b7 Ke5 52. Bd5 Bb6 53. Kf1 Ba7 54.
Ke2 Kf4 55. Kd3 Rh8 56. Be4 Bb8 57. Kc4 Rxh3 58. Kd5 Rh8 59. Kc6 Ke5 60. Re7+
Kd4 61. Kd7 Kc5 62. Re8 Rh7+ 63. Kc8 Bf4 64. b8=Q Bxb8 65. Kxb8 Rf7 66. Rc8+ Kd4
67. Rc2 Ke5 68. Rd2 Kf4 69. Rd5 Rb7+ 70. Kc8 1-0

[Event "Titled Tue 24th Jun Late"]
[Site "chess.com INT"]
[Date "2025.06.24"]
[Round "8"]
[White "Lazavik, Denis"]
[Black "Caruana, Fabiano"]
[Result "1/2-1/2"]
[WhiteTitle "GM"]
[BlackTitle "GM"]
[WhiteElo "2580"]
[BlackElo "2777"]
[WhiteFideId "13515110"]
[BlackFideId "2020009"]
[EventDate "2025.06.24"]

1. d4 d5 2. c4 e6 3. Nf3 Nf6 4. g3 Be7 5. Bg2 O-O 6. Qd3 b6 7. cxd5 Nxd5 8. O-O
Bb7 9. Rd1 Nd7 10. e4 N5f6 11. Nc3 h6 12. Bf4 a6 13. a4 Re8 14. Qc2 Rc8 15. d5
exd5 16. e5 Nh5 17. Be3 c6 18. g4 Bc5 19. gxh5 Nxe5 20. Bxc5 bxc5 21. Re1 Nxf3+
22. Bxf3 Qf6 23. Bg2 c4 24. a5 Rcd8 25. Na4 Bc8 26. Qc3 Qg5 27. Qg3 Qd2 28. Qc3
Qg5 29. Nb6 Bf5 30. Qg3 Qd2 31. Qc3 Qg5 32. Kh1 Bd3 33. Rxe8+ Rxe8 34. Re1 Rxe1+
35. Qxe1 Qxh5 36. Na4 d4 37. Bxc6 Qf5 38. Nb6 Kh7 39. Nd7 h5 40. Ne5 Bc2 41.
Nxc4 g6 42. Nd2 Qxa5 43. Bf3 Qb4 44. Kg2 Qxb2 45. Qe7 Qa2 46. Ne4 Bxe4 47. Bxe4
Kg7 48. Qe5+ Kh7 49. Qxd4 Qe6 50. Bd5 Qd7 51. Qe5 Kg8 52. h3 a5 53. Qb8+ Kg7 54.
Qb7 Qxb7 55. Bxb7 a4 56. Bd5 a3 57. Ba2 g5 58. Kf3 f5 59. Ke3 Kf6 60. Kd4 h4 61.
Ke3 Ke5 62. Kf3 Kd4 63. Kg2 Kc3 64. f4 gxf4 65. Kf3 Kd4 66. Kxf4 Kc5 67. Kg5 Kd6
68. Kxh4 Ke7 69. Kg5 f4 70. Kxf4 Kf6 71. Kg4 Kg7 72. Kg5 Kh8 73. h4 Kg7 74. h5
Kh8 75. Bb1 Kg7 76. h6+ Kh8 77. Kg6 a2 78. Bxa2 1/2-1/2

[Event "Titled Tue 24th Jun Late"]
[Site "chess.com INT"]
[Date "2025.06.24"]
[Round "8"]
[White "Ferraz, Michel Liah"]
[Black "Hartge, Gedeon"]
[Result "0-1"]
[BlackTitle "FM"]
[WhiteElo "2007"]
[BlackElo "2328"]
[WhiteFideId "22743219"]
[BlackFideId "12932116"]
[EventDate "2025.06.24"]

1. d4 Nf6 2. c4 g6 3. Nc3 d5 4. Nf3 Bg7 5. Bg5 c5 6. Bxf6 Bxf6 7. cxd5 cxd4 8.
Nxd4 O-O 9. e3 Nd7 10. Bc4 Nb6 11. Bb3 Bd7 12. O-O Rc8 13. Rc1 Nc4 14. Qe2 Nd6
15. Rfd1 Qb6 16. h3 a6 17. Qd3 Rfd8 18. Ne4 Nxe4 19. Qxe4 Rxc1 20. Rxc1 Bxd4 21.
exd4 Qd6 22. Re1 Kf8 23. Qe5 f6 24. Qxd6 exd6 25. Rc1 Rc8 26. Rc3 Ke7 27. f4 b5
28. Kf2 a5 29. Ke3 a4 30. Bc2 b4 31. Rxc8 Bxc8 32. Bxa4 Bb7 33. Bc6 Ba6 34. g3
g5 35. a3 bxa3 36. bxa3 h5 37. a4 h4 38. gxh4 gxh4 39. Kf3 f5 40. Bb5 Bc8 41. a5
Kd8 42. a6 Kc7 43. Ke3 Kb6 44. Bd3 Bd7 45. Kd2 Ka7 46. Kc3 Kb6 47. Kb4 Bc8 48.
Ka3 Bd7 49. Kb3 Bc8 50. Kb4 Bd7 51. a7 Kxa7 52. Ka5 Kb7 53. Bb5 Bc8 54. Bc6+ Kc7
55. Kb5 Bb7 56. Be8 Bc8 57. Bg6 Bd7+ 58. Ka6 Bc8+ 59. Ka7 Bd7 60. Bf7 Ba4 61.
Be6 Bc2 62. Ka6 Be4 63. Kb5 Kb7 64. Kc4 Kb6 65. Kc3 Kb5 66. Bd7+ Ka5 67. Bc6 Kb6
68. Ba8 Bg2 69. Kd3 Bxh3 70. Ke3 Bg2 71. Kf2 Be4 72. Bc6 Ka5 73. Kg1 Bf3 74. Kh2
Bg4 75. Bd7 Kb4 76. Kg2 Kc3 77. Bxf5 Bxf5 78. Kh2 Kxd4 0-1

[Event "Titled Tue 24th Jun Late"]
[Site "chess.com INT"]
[Date "2025.06.24"]
[Round "8"]
[White "Gruzman, Ilya"]
[Black "Jahnz, Laurin"]
[Result "1-0"]
[WhiteTitle "CM"]
[BlackTitle "CM"]
[WhiteElo "2165"]
[BlackElo "2221"]
[WhiteFideId "2812703"]
[BlackFideId "16261089"]
[EventDate "2025.06.24"]

1. d4 e6 2. c4 d5 3. Nc3 c6 4. e3 f5 5. f4 Nf6 6. Nf3 Bd6 7. Bd3 O-O 8. O-O Ne4
9. Qc2 Nd7 10. Rb1 a5 11. a3 Ndf6 12. b4 axb4 13. axb4 Nxc3 14. Qxc3 Ne4 15. Qc2
h6 16. c5 Be7 17. b5 g5 18. bxc6 bxc6 19. Ne5 Qc7 20. Rb6 Bd7 21. Bxe4 fxe4 22.
Ng6 Rf7 23. Nxe7+ Rxe7 24. fxg5 hxg5 25. Bd2 Rh7 26. g3 Rf8 27. Rxf8+ Kxf8 28.
Ba5 Qc8 29. Qb1 Kg7 30. Rb8 Qa6 31. Qf1 Qxf1+ 32. Kxf1 Kf6 33. Bd8+ Kf5 34. Kg2
e5 35. dxe5 Kxe5 36. Bxg5 Bh3+ 37. Kg1 Kf5 38. Bf4 Kg4 39. Kf2 Ra7 40. Rg8+ Kf5
41. Rg5+ Kf6 42. Rh5 Ra2+ 43. Ke1 Bg4 44. Rh6+ Kf5 45. Rxc6 d4 46. exd4 e3 47.
Bxe3 Re2+ 48. Kd1 Rxe3+ 49. Kd2 Re2+ 50. Kd3 Rxh2 51. Rc8 Be2+ 52. Ke3 Bb5 53.
g4+ Kxg4 54. Ke4 Bc4 55. Ke5 Re2+ 56. Kd6 Rd2 57. Ke5 Re2+ 58. Kf6 Re6+ 59. Kg7
Kf5 60. Rd8 Ke4 61. Rd6 Re7+ 62. Kf6 Rf7+ 63. Kg6 Rf5 64. c6 Rf8 65. c7 Rc8 66.
Rd7 Be6 67. Re7 Kd5 68. Kf6 Bh3 69. Rh7 Bg4 70. Rg7 Be2 71. Re7 Bb5 72. Re5+ Kc6
73. Rc5+ Kb6 74. Ke6 Ba4 75. Rc1 Bb3+ 76. Kd6 Ba4 77. d5 Kb7 78. Rb1+ Ka6 79.
Ra1 Kb5 80. Kd7 Rh8 81. c8=Q Rxc8 82. Kxc8 Bb3 83. d6 Kc6 84. d7 Be6 85. Rc1+
Kd6 86. Rd1+ Kc6 87. Kd8 1-0

[Event "Titled Tue 24th Jun Late"]
[Site "chess.com INT"]
[Date "2025.06.24"]
[Round "8"]
[White "Jasinski, Alexander"]
[Black "Jagodzinski, Piotr"]
[Result "1-0"]
[BlackTitle "CM"]
[WhiteElo "1989"]
[BlackElo "2239"]
[WhiteFideId "55627994"]
[BlackFideId "1136593"]
[EventDate "2025.06.24"]

1. e4 Nc6 2. Nf3 d5 3. exd5 Qxd5 4. Nc3 Qh5 5. Be2 Bg4 6. O-O O-O-O 7. d3 e5 8.
Be3 f5 9. Ne1 Bxe2 10. Qxe2 Qf7 11. f4 Bd6 12. fxe5 Nxe5 13. Bf4 Bc5+ 14. Kh1
Nc6 15. Nf3 h6 16. Ne5 Nxe5 17. Qxe5 Bd4 18. Qa5 Bb6 19. Qa4 Nf6 20. Nb5 a6 21.
Na3 Ng4 22. h3 h5 23. Nc4 Bd4 24. c3 Nf2+ 25. Kh2 Ng4+ 26. hxg4 hxg4+ 27. Kg3
Bf6 28. Kf2 Qd5 29. Ne3 Bh4+ 30. Kg1 Qxd3 31. Rad1 Qe2 32. Qc4 Bf2+ 33. Rxf2
Rxd1+ 34. Nxd1 Qxd1+ 35. Rf1 Qd7 36. Qe2 g6 37. Qe5 Re8 38. Qc5 Kb8 39. Qf2 Re4
40. g3 Qe7 41. Rd1 Re2 42. Qd4 Re1+ 43. Rxe1 Qxe1+ 44. Kg2 Qe2+ 45. Qf2 Qe4+ 46.
Kg1 Qb1+ 47. Kh2 Qxa2 48. Qd2 Qg8 49. Kg2 Qc8 50. Qd4 Qe8 51. Qe5 Qc6+ 52. Kh2
b5 53. Qd4 Kb7 54. Be3 Qf3 55. Qa7+ Kc8 56. Qd4 Qe2+ 57. Bf2 Qxb2 58. Kg2 Qe2
59. Qh8+ Kb7 60. Qf6 Qe4+ 61. Kg1 Qc6 62. Qd4 Qf3 63. Qa7+ Kc8 64. Qd4 a5 65.
Qh8+ Kb7 66. Qd4 Qc6 67. Qa7+ Kc8 68. Qxa5 Qc4 69. Qa8+ Kd7 70. Qa1 c5 71. Qe1
Kc6 72. Qe8+ Kb7 73. Qe7+ Kc6 74. Qd8 Qe6 75. Qa8+ Kd7 76. Bxc5 Qe1+ 77. Kg2
Qe2+ 78. Bf2 Qc4 79. Qb7+ Kd6 80. Qb6+ Ke7 81. Qd4 Qe6 82. Qc5+ Kf7 83. Qxb5
Qe4+ 84. Kh2 f4 85. Qd7+ Kg8 86. Qd8+ Kg7 87. Qc7+ Kh6 88. Qxf4+ Qxf4 89. gxf4
g5 90. fxg5+ Kxg5 91. Kg3 Kf5 92. c4 Ke4 93. c5 Kd5 94. Kxg4 Kc6 95. Kf5 Kd5 96.
Kf4 Kc6 97. Ke5 Kc7 98. Ke6 Kc6 99. Ke5 Kc7 100. Kd5 Kd7 101. c6+ Kc7 102. Kc5
Kb8 103. Bg3+ Kc8 104. c7 Kb7 105. Kd6 Kc8 106. Bh4 Kb7 107. Kd7 Kb6 108. c8=Q
Kb5 109. Qc6+ 1-0

[Event "Titled Tue 24th Jun Late"]
[Site "chess.com INT"]
[Date "2025.06.24"]
[Round "9"]
[White "Deng, Henry"]
[Black "Chen, Yidong"]
[Result "1-0"]
[WhiteTitle "FM"]
[WhiteElo "2327"]
[BlackElo "2074"]
[WhiteFideId "30965454"]
[BlackFideId "8607028"]
[EventDate "2025.06.24"]

1. Nf3 Nf6 2. b3 c5 3. Bb2 d5 4. e3 a6 5. Be2 Nc6 6. O-O Bg4 7. d4 e6 8. c4 cxd4
9. exd4 Be7 10. h3 Bh5 11. Nbd2 O-O 12. Rc1 Rc8 13. Ne5 Bxe2 14. Qxe2 Qa5 15. a3
dxc4 16. Ndxc4 Qc7 17. Rfd1 Rfd8 18. Qf3 Nxe5 19. dxe5 Qb8 20. exf6 1-0

[Event "Titled Tue 24th Jun Late"]
[Site "chess.com INT"]
[Date "2025.06.24"]
[Round "9"]
[White "Plat, Vojtech"]
[Black "Nihal, Sarin"]
[Result "0-1"]
[WhiteTitle "GM"]
[BlackTitle "GM"]
[WhiteElo "2497"]
[BlackElo "2696"]
[WhiteFideId "325740"]
[BlackFideId "25092340"]
[EventDate "2025.06.24"]

1. e4 c5 2. Nf3 e6 3. g3 a6 4. Bg2 b5 5. O-O Bb7 6. Re1 Nf6 7. e5 Nd5 8. Nc3 Be7
9. Ne4 O-O 10. d4 cxd4 11. Nxd4 Nc6 12. Nxc6 Bxc6 13. c3 Rc8 14. h4 h6 15. Qg4
Kh7 16. Qh5 Qe8 17. Qg4 f5 18. exf6 Nxf6 19. Nxf6+ Rxf6 20. Bxc6 Rxc6 21. Be3
Bc5 22. Rad1 Bxe3 23. Rxe3 Qf7 24. Qe4+ Kg8 25. Re2 d5 26. Qe5 Rf5 27. Qe3 e5
28. Red2 e4 29. Kg2 Rg6 30. Qa7 Qxa7 0-1